Normal view
MARC view
Entry Personal Name
001 - CONTROL NUMBER
- control field: 538350
003 - CONTROL NUMBER IDENTIFIER
- control field: OSt
005 - DATE AND TIME OF LATEST TRANSACTION
- control field: 20220930080227.0
008 - FIXED-LENGTH DATA ELEMENTS
- fixed length control field: 220930|| aca||aabn | a|a d
040 ## - CATALOGING SOURCE
- Original cataloging agency: OSt
- Transcribing agency: OSt
100 ## - HEADING--PERSONAL NAME
- Personal name: Narula Ritesh
670 ## - SOURCE DATA FOUND
- Source citation: Work cat.: (OSt)869484: Narula Ritesh, Therapeutic efficacy of intravitreal triamcinolone in non resolving macular edema associated with branch retinal vein occlusion, 2006
